Kiểm toán ngân sách nhà nước

Khái quát về ngân sách nhà nước và hạot động kiểm toán nhà nước. Xây dựng kế hoạch kiểm toán. Phương pháp thu thập bằng chứng kiểm toán, báo cáo kiểm toán. kiểm toán báo cáo tài chính sự nghiệp, báo các quyết toán ngân sách......

Volledige beschrijving

Bewaard in:
Bibliografische gegevens
Hoofdauteur: Mai, Vinh
Formaat: Boek
Taal:Undetermined
Gepubliceerd in: Thành phố Hồ Chí Minh Đại học Quốc gia Thành phố Hồ Chí Minh 2003
Onderwerpen:
Tags: Voeg label toe
Geen labels, Wees de eerste die dit record labelt!
Thư viện lưu trữ: Trung tâm Học liệu Trường Đại học Cần Thơ
LEADER 00966nam a2200205Ia 4500
001 CTU_98029
008 210402s9999 xx 000 0 und d
020 |c 32000 
082 |a 657.45 
082 |b V312 
100 |a Mai, Vinh 
245 0 |a Kiểm toán ngân sách nhà nước 
245 0 |c Mai Vinh 
260 |a Thành phố Hồ Chí Minh 
260 |b Đại học Quốc gia Thành phố Hồ Chí Minh 
260 |c 2003 
520 |a Khái quát về ngân sách nhà nước và hạot động kiểm toán nhà nước. Xây dựng kế hoạch kiểm toán. Phương pháp thu thập bằng chứng kiểm toán, báo cáo kiểm toán. kiểm toán báo cáo tài chính sự nghiệp, báo các quyết toán ngân sách... 
650 |a Management audit,Managerial accounting 
904 |i Tuyến 
980 |a Trung tâm Học liệu Trường Đại học Cần Thơ